Online Catalogue and eLibrary

The health gap : (Record no. 3005)

MARC details
000 -LEADER
fixed length control field 00491nam a2200181Ia 4500
005 - DATE AND TIME OF LATEST TRANSACTION
control field 20240821021032.0
008 - FIXED-LENGTH DATA ELEMENTS--GENERAL INFORMATION
fixed length control field 240331s9999 xx 000 0 und d
020 ## - INTERNATIONAL STANDARD BOOK NUMBER
ISBN 0889367728
082 ## - DDC Classification
Item Number - Author Mark KIT
Class No. 613.042
100 ## - MAIN ENTRY--PERSONAL NAME
Personal name Kitts, J. and Robert, H.J
245 #4 - TITLE STATEMENT
Title The health gap :
Remainder of title beyond pregnancy and reproduction
260 ## - PUBLICATION, DISTRIBUTION, ETC.
Place of publication, distribution, etc. Canada
Name of publisher, distributor, etc. International Development Research Center
Date of publication, distribution, etc. 1996
300 ## - PHYSICAL DESCRIPTION
Extent (e.g. Volumes, Pages etc.) ix, 235 p .,
650 ## - SUBJECT ADDED ENTRY--TOPICAL TERM
Topical term or geographic name entry element Gender
650 ## - SUBJECT ADDED ENTRY--TOPICAL TERM
Topical term or geographic name entry element Women
650 ## - SUBJECT ADDED ENTRY--TOPICAL TERM
Topical term or geographic name entry element Health
942 ## - Koha item type (Biblio)
Koha item type Books in Stacks (Lending)
Holdings
Lost status Damaged status Collection code Home library Current library Shelving location Date acquired Full call number Accession Number Item type
    Lending WERC Library WERC Library Social Science Cupboard 03/31/2024 613.042 KIT 2399 Books in Stacks (Lending)

© WERC Library